01310nam a22003134a 4500001001200000003000800012006001900020007001500039008004100054010001700095020002800112040002100140035002100161050002800182082001700210245014500227260003900372300001900411500009300430504004100523533015200564650001700716650004700733655002900780700001500809700002900824710001700853856012600870ebr10046985CaPaEBRm u cr cn|||||||||991103s1999 maua sb 000 0 eng  z 99057633  z0792377451 (alk. paper) aCaPaEBRcCaPaEBR a(OCoLC)22804849114aQA76.9.D343bH54 1999eb04a005.1/1722100aHigh performance data miningh[electronic resource] :bscaling algorithms, applications, and systems /cedited by Yike Guo, Robert Grossman. aBoston :bKluwer Academic,cc1999. a105 p. :bill. a"A special issue of Data mining and knowledge discovery, volume 3, no. 03 (Sept. 1999)." aIncludes bibliographical references. aElectronic reproduction.bPalo Alto, Calif. :cebrary,d2013.nAvailable via World Wide Web.nAccess may be limited to ebrary affiliated libraries. 0aData mining. 0aParallel processing (Electronic computers) 7aElectronic books.2local1 aGuo, Yike.1 aGrossman, Robert,d1957-2 aebrary, Inc.40uhttp://site.ebrary.com/lib/rucke/Doc?id=10046985zAn electronic book accessible through the World Wide Web; click to view